|
|
|
|
| LEADER |
00000nab a2200000 4500 |
| 001 |
vtls011744057 |
| 003 |
SK-MaSNL |
| 005 |
20260305012723.0 |
| 008 |
180228c20180201xo dr|p||| |000 b|slo |
| 038 |
|
|
|a KEVKJB
|
| 040 |
|
|
|a KEVKJB
|b slo
|c KEVKJB
|e rda
|
| 041 |
0 |
|
|a slo
|
| 044 |
|
|
|a xo
|c SK
|
| 080 |
|
|
|a 656.8
|2 2011
|
| 100 |
0 |
|
|a (sen)
|4 aut
|9 864357
|
| 245 |
1 |
0 |
|a Od dostavníkov po moderný poštový úrad
|b premeny Košíc
|c [autor](SEN)
|
| 300 |
|
|
|b Fotografie
|
| 336 |
|
|
|a text
|b txt
|2 rdacontent
|
| 337 |
|
|
|a bez média
|b n
|2 rdamedia
|
| 338 |
|
|
|a zväzok
|b nc
|2 rdacarrier
|
| 610 |
2 |
7 |
|a Hlavná pošta (Košice, Slovensko)
|2 kevkjb
|9 884125
|
| 650 |
0 |
7 |
|a poštové služby
|2 kevkjb
|9 70200
|
| 650 |
0 |
7 |
|a dejiny miest
|2 kevkjb
|9 164833
|
| 651 |
|
7 |
|a Košice (Slovensko)
|2 kevkjb
|9 18694
|
| 773 |
0 |
|
|t KOŠICE:DNES
|g Roč. 5, č. 23 (1.2.2018), s. 10-11
|x 1339-7605
|
| 852 |
|
|
|a KEVKJB
|b KIS3GCP
|
| 856 |
4 |
1 |
|u https://kosicednes.sk/historia/od-dostavnikov-po-moderny-postovy-urad/
|
| 999 |
|
|
|c 3258917
|d 3260847
|